| 000 | 00765 a2200241 4500 | ||
|---|---|---|---|
| 001 | 200043439 | ||
| 999 |
_c200043439 _d35176 |
||
| 003 | TR-AnTOB | ||
| 005 | 20230908140421.0 | ||
| 008 | 111110s2011 tu 000 0 | ||
| 020 | _a9789749863961 | ||
| 040 | _aTR-AnTOB | ||
| 041 | _aeng | ||
| 050 | 0 | 0 |
_aDS577 _b.T476 2011 |
| 090 | _aDS577 .T476 2011 | ||
| 100 | 1 |
_aTerwiel, B. J. _978347 |
|
| 245 | 1 | 0 |
_aThailand’s political history : _bfrom the 13th century to recent times / _cB.J. Terwiel. |
| 264 | 1 |
_aTatien, Bangkok : _bPublished and distributed in Thailand by River Books, _c2011. |
|
| 300 |
_a328 p. : _bill., maps ; _c25 cm. |
||
| 504 | _aIncludes bibliographical references (p. 300-308) and index. | ||
| 651 | 0 |
_aThailand _xPolitics and government _978348 |
|
| 942 | _cBK | ||